La reforma polt̕ica del Estado

Detalles Bibliográficos
Autor principal: Amparo Casar, Mara̕
Formato: Libro
Publicado: Mx̌ico Nostra Ediciones 2007
Materias:
Acceso en línea:Acceso restringido

MARC

LEADER 00000nam a22000007a 4500
005 2015100602462.0
007 cr|||| ||u|
008 151006s2007 spa||||| |||| 00||0 sp d
020 |a 978-968-5447-59-1 
035 |a 12841 
040 |a vLex 
090 |c 5574  |d 5574 
100 1 |a Amparo Casar, Mara̕ 
245 1 0 |a La reforma polt̕ica del Estado  |h [Recurso electrn̤ico]  |c Mara̕ Amparo Casar  
256 |a Servicio en ln̕ea 
260 |a Mx̌ico  |b Nostra Ediciones  |c 2007 
300 |a 1 recurso electrn̤ico 
506 1 |a Contenido solo disponible en los productos indicados  |d vLex Global  |d vLex Global (Academic Edition, excluding Law Schools)  |d vLex Global (U.S. Academic Edition, Law Schools)  |d vLex Global (U.S. Academic Edition, excluding Law Schools)  |d vLex Global (Academic Edition, Law Schools) 
650 0 4 |a Mx̌ico: Politica gobernamental  |z Mx̌ico 
740 0 |a vLex libros (Servicio en ln̕ea) 
856 4 0 |u http://vlex.com/source/reforma-politica-estado-12841  |z Acceso restringido 
942 |c BOOK 
999 0 |a Government Policy